000 00246nam a2200109Ia 4500
008 190216s9999||||xx |||||||||||||| ||und||
100 _aNambiar
245 0 _aVanijya Praveshika
260 _bShakthi Publication
650 _aEconomics
942 _cBK
999 _c9830
_d9830